<?xml version="1.0" encoding="UTF-8"?><record xmlns="http://www.loc.gov/MARC21/slim" xmlns:zs="http://docs.oasis-open.org/ns/search-ws/sruResponse">
  <leader>03313cas a2200769   4500</leader>
  <controlfield tag="001">11150297</controlfield>
  <controlfield tag="008">750907d19521984mdumr p       0   a0eng c</controlfield>
  <controlfield tag="005">20251107150205.7</controlfield>
  <datafield ind1=" " ind2=" " tag="010">
    <subfield code="a">   57015327 </subfield>
    <subfield code="z">sn 78005094 </subfield>
  </datafield>
  <datafield ind1="7" ind2=" " tag="016">
    <subfield code="a">414335-8</subfield>
    <subfield code="2">DE-600</subfield>
  </datafield>
  <datafield ind1="7" ind2=" " tag="016">
    <subfield code="a">2985229R</subfield>
    <subfield code="2">DNLM</subfield>
  </datafield>
  <datafield ind1="7" ind2=" " tag="016">
    <subfield code="a">M04840000</subfield>
    <subfield code="2">DNLM</subfield>
  </datafield>
  <datafield ind1="7" ind2=" " tag="016">
    <subfield code="a">011752555</subfield>
    <subfield code="2">Uk</subfield>
  </datafield>
  <datafield ind1=" " ind2=" " tag="019">
    <subfield code="a">2263876</subfield>
  </datafield>
  <datafield ind1="0" ind2=" " tag="022">
    <subfield code="a">0025-4363</subfield>
    <subfield code="2">1</subfield>
  </datafield>
  <datafield ind1="0" ind2=" " tag="023">
    <subfield code="a">0025-4363</subfield>
    <subfield code="2">1</subfield>
  </datafield>
  <datafield ind1="1" ind2=" " tag="029">
    <subfield code="a">AU@</subfield>
    <subfield code="b">000000913211</subfield>
  </datafield>
  <datafield ind1="1" ind2=" " tag="029">
    <subfield code="a">DEBBG</subfield>
    <subfield code="b">BV002697612</subfield>
  </datafield>
  <datafield ind1="1" ind2=" " tag="029">
    <subfield code="a">GEBAY</subfield>
    <subfield code="b">1365341</subfield>
  </datafield>
  <datafield ind1="1" ind2=" " tag="029">
    <subfield code="a">NLM</subfield>
    <subfield code="b">2985229R</subfield>
  </datafield>
  <datafield ind1="1" ind2=" " tag="029">
    <subfield code="a">UKMGB</subfield>
    <subfield code="b">011752555</subfield>
  </datafield>
  <datafield ind1=" " ind2=" " tag="030">
    <subfield code="a">MSMJA7</subfield>
  </datafield>
  <datafield ind1=" " ind2=" " tag="035">
    <subfield code="a">(OCoLC)1607742</subfield>
  </datafield>
  <datafield ind1=" " ind2=" " tag="040">
    <subfield code="a">MUL</subfield>
    <subfield code="b">eng</subfield>
    <subfield code="c">MUL</subfield>
    <subfield code="d">NSD</subfield>
    <subfield code="d">DLC</subfield>
    <subfield code="d">OCL</subfield>
    <subfield code="d">RCS</subfield>
    <subfield code="d">AIP</subfield>
    <subfield code="d">OCL</subfield>
    <subfield code="d">DLC</subfield>
    <subfield code="d">NST</subfield>
    <subfield code="d">DLC</subfield>
    <subfield code="d">AIP</subfield>
    <subfield code="d">NST</subfield>
    <subfield code="d">AIP</subfield>
    <subfield code="d">DLC</subfield>
    <subfield code="d">NSD</subfield>
    <subfield code="d">NST</subfield>
    <subfield code="d">NSD</subfield>
    <subfield code="d">NST</subfield>
    <subfield code="d">HUL</subfield>
    <subfield code="d">NSD</subfield>
    <subfield code="d">NST</subfield>
    <subfield code="d">NLM</subfield>
    <subfield code="d">OCLCQ</subfield>
    <subfield code="d">LVB</subfield>
    <subfield code="d">OCLCQ</subfield>
    <subfield code="d">DEBBG</subfield>
    <subfield code="d">UKMGB</subfield>
    <subfield code="d">OCLCF</subfield>
    <subfield code="d">OCLCO</subfield>
    <subfield code="d">OCLCQ</subfield>
    <subfield code="d">OCLCO</subfield>
    <subfield code="d">OCLCA</subfield>
    <subfield code="d">OCLCO</subfield>
    <subfield code="d">OCLCL</subfield>
    <subfield code="d">OCLCA</subfield>
    <subfield code="d">OCLCL</subfield>
    <subfield code="d">OCLCQ</subfield>
  </datafield>
  <datafield ind1=" " ind2=" " tag="042">
    <subfield code="a">pcc</subfield>
    <subfield code="a">nsdp</subfield>
  </datafield>
  <datafield ind1=" " ind2=" " tag="043">
    <subfield code="a">n-us-md</subfield>
  </datafield>
  <datafield ind1="0" ind2="0" tag="050">
    <subfield code="a">R11</subfield>
    <subfield code="b">.M36</subfield>
  </datafield>
  <datafield ind1="0" ind2="0" tag="060">
    <subfield code="a">W1</subfield>
    <subfield code="b">MA791</subfield>
  </datafield>
  <datafield ind1="0" ind2=" " tag="082">
    <subfield code="a">610.5</subfield>
    <subfield code="1">https://id.oclc.org/worldcat/ddc/E3VXgbPWvm7YckfDgrh4K8YbPR</subfield>
  </datafield>
  <datafield ind1="0" ind2=" " tag="210">
    <subfield code="a">Md. State med. j.</subfield>
  </datafield>
  <datafield ind1=" " ind2="0" tag="222">
    <subfield code="a">Maryland State medical journal</subfield>
  </datafield>
  <datafield ind1="0" ind2="0" tag="245">
    <subfield code="a">Maryland State medical journal.</subfield>
  </datafield>
  <datafield ind1=" " ind2=" " tag="260">
    <subfield code="a">[Baltimore],</subfield>
    <subfield code="b">[Medical and Chirurgical Faculty of the State of Maryland]</subfield>
  </datafield>
  <datafield ind1=" " ind2=" " tag="300">
    <subfield code="a">33 volumes</subfield>
    <subfield code="b">illustrations</subfield>
    <subfield code="c">28 cm</subfield>
  </datafield>
  <datafield ind1=" " ind2=" " tag="336">
    <subfield code="a">text</subfield>
    <subfield code="b">txt</subfield>
    <subfield code="2">rdacontent</subfield>
  </datafield>
  <datafield ind1=" " ind2=" " tag="337">
    <subfield code="a">unmediated</subfield>
    <subfield code="b">n</subfield>
    <subfield code="2">rdamedia</subfield>
  </datafield>
  <datafield ind1=" " ind2=" " tag="338">
    <subfield code="a">volume</subfield>
    <subfield code="b">nc</subfield>
    <subfield code="2">rdacarrier</subfield>
  </datafield>
  <datafield ind1="0" ind2=" " tag="362">
    <subfield code="a">v. 1-33; Jan. 1952-Dec. 1984.</subfield>
  </datafield>
  <datafield ind1=" " ind2=" " tag="590">
    <subfield code="a">SERBIB/SERLOC merged record</subfield>
  </datafield>
  <datafield ind1="0" ind2=" " tag="510">
    <subfield code="a">Chemical abstracts</subfield>
    <subfield code="x">0009-2258</subfield>
  </datafield>
  <datafield ind1=" " ind2=" " tag="550">
    <subfield code="a">Official publication of the Medical and Chirurgical Faculty of the State of Maryland.</subfield>
  </datafield>
  <datafield ind1="2" ind2="0" tag="610">
    <subfield code="a">Medical and Chirurgical Faculty of the State of Maryland</subfield>
    <subfield code="v">Periodicals.</subfield>
  </datafield>
  <datafield ind1="2" ind2="6" tag="610">
    <subfield code="a">Medical and Chirurgical Faculty of the State of Maryland</subfield>
    <subfield code="v">Périodiques.</subfield>
  </datafield>
  <datafield ind1="2" ind2="7" tag="610">
    <subfield code="a">Medical and Chirurgical Faculty of the State of Maryland.</subfield>
    <subfield code="2">fast</subfield>
    <subfield code="0">(OCoLC)fst00592497</subfield>
  </datafield>
  <datafield ind1=" " ind2="0" tag="650">
    <subfield code="a">Medicine</subfield>
    <subfield code="v">Periodicals.</subfield>
  </datafield>
  <datafield ind1=" " ind2="0" tag="650">
    <subfield code="a">Medicine</subfield>
    <subfield code="z">Maryland</subfield>
    <subfield code="v">Periodicals.</subfield>
  </datafield>
  <datafield ind1=" " ind2="2" tag="650">
    <subfield code="a">Medicine</subfield>
  </datafield>
  <datafield ind1=" " ind2="6" tag="650">
    <subfield code="a">Médecine</subfield>
    <subfield code="z">Maryland</subfield>
    <subfield code="v">Périodiques.</subfield>
  </datafield>
  <datafield ind1=" " ind2="6" tag="650">
    <subfield code="a">Médecine</subfield>
    <subfield code="v">Périodiques.</subfield>
  </datafield>
  <datafield ind1=" " ind2="7" tag="650">
    <subfield code="a">Medicine.</subfield>
    <subfield code="2">fast</subfield>
    <subfield code="0">(OCoLC)fst01014893</subfield>
  </datafield>
  <datafield ind1=" " ind2="7" tag="650">
    <subfield code="a">Arztpraxis</subfield>
    <subfield code="2">gnd</subfield>
  </datafield>
  <datafield ind1=" " ind2="7" tag="650">
    <subfield code="a">Gesundheitswesen</subfield>
    <subfield code="2">gnd</subfield>
  </datafield>
  <datafield ind1=" " ind2="7" tag="650">
    <subfield code="a">Zeitschrift</subfield>
    <subfield code="2">gnd</subfield>
  </datafield>
  <datafield ind1=" " ind2="7" tag="651">
    <subfield code="a">Maryland.</subfield>
    <subfield code="2">fast</subfield>
    <subfield code="0">(OCoLC)fst01204739</subfield>
    <subfield code="1">https://id.oclc.org/worldcat/entity/E39PBJkxFCqq7cQBtvRGb9J7HC</subfield>
  </datafield>
  <datafield ind1=" " ind2="7" tag="651">
    <subfield code="a">Maryland</subfield>
    <subfield code="2">gnd</subfield>
  </datafield>
  <datafield ind1=" " ind2="2" tag="655">
    <subfield code="a">Periodical</subfield>
  </datafield>
  <datafield ind1=" " ind2="7" tag="655">
    <subfield code="a">Periodicals.</subfield>
    <subfield code="2">fast</subfield>
    <subfield code="0">(OCoLC)fst01411641</subfield>
  </datafield>
  <datafield ind1="2" ind2=" " tag="710">
    <subfield code="a">Medical and Chirurgical Faculty of the State of Maryland.</subfield>
    <subfield code="1">https://id.oclc.org/worldcat/entity/E39QQPVp7PRcv3M38mpKGHrfkt</subfield>
  </datafield>
  <datafield ind1="0" ind2="8" tag="776">
    <subfield code="i">Online version:</subfield>
    <subfield code="t">Maryland State medical journal</subfield>
    <subfield code="w">(OCoLC)1293238192</subfield>
  </datafield>
  <datafield ind1="0" ind2="2" tag="780">
    <subfield code="a">Medical and Chirurgical Faculty of the State of Maryland.</subfield>
    <subfield code="t">Bulletin</subfield>
    <subfield code="w">(OCoLC)1586784</subfield>
  </datafield>
  <datafield ind1="0" ind2="0" tag="785">
    <subfield code="t">Maryland medical journal (Baltimore, Md. : 1985)</subfield>
    <subfield code="x">0886-0572</subfield>
    <subfield code="w">(DLC)   85644359</subfield>
    <subfield code="w">(OCoLC)11680834</subfield>
  </datafield>
  <datafield ind1=" " ind2=" " tag="890">
    <subfield code="a">Maryland State Medical journal.  (Medical and Chirugical Faculty of the State of Maryland)  Baltimore.  1952-  .</subfield>
    <subfield code="i">57-15327</subfield>
  </datafield>
  <datafield ind1=" " ind2=" " tag="850">
    <subfield code="a">CSt-L</subfield>
    <subfield code="a">CU-AM</subfield>
    <subfield code="a">DLC</subfield>
    <subfield code="a">IU-M</subfield>
    <subfield code="a">IaU</subfield>
    <subfield code="a">MBCo</subfield>
    <subfield code="a">NNNAM</subfield>
    <subfield code="a">NjR</subfield>
    <subfield code="a">OU</subfield>
    <subfield code="a">PPC</subfield>
    <subfield code="a">TU-M</subfield>
  </datafield>
  <datafield ind1=" " ind2=" " tag="906">
    <subfield code="a">7</subfield>
    <subfield code="b">cbc</subfield>
    <subfield code="c">serials</subfield>
    <subfield code="d">3</subfield>
    <subfield code="e">ncip</subfield>
    <subfield code="f">19</subfield>
    <subfield code="g">n-oclcserc</subfield>
  </datafield>
  <datafield ind1=" " ind2=" " tag="920">
    <subfield code="a">Keep 1</subfield>
  </datafield>
  <datafield ind1=" " ind2=" " tag="991">
    <subfield code="b">c-GenColl</subfield>
    <subfield code="h">R11</subfield>
    <subfield code="i">.M36</subfield>
    <subfield code="w">SERIALS</subfield>
  </datafield>
  <datafield ind1=" " ind2=" " tag="992">
    <subfield code="b">SER</subfield>
    <subfield code="w">SERLOC</subfield>
  </datafield>
</record>
